| 000 | 00495nam a2200169Ia 4500 | ||
|---|---|---|---|
| 003 | GCL | ||
| 008 | 140319s9999 xx 000 0 ara d | ||
| 040 |
_aGCL / _cGCL |
||
| 082 | 0 | 4 |
_a814 _bا س |
| 100 | 1 | _aابراهيم عبدالرحمن التركى | |
| 245 | 1 | 0 |
_aسفر فى منغى الشمسى / _cابراهيم عبدالرحمن التركى |
| 300 | _a287 ص | ||
| 490 | _a | ||
| 650 | 0 | 4 | _aالادب العربى |
| 650 | 0 | 4 | _aالمقالات العربية |
| 942 |
_2ddc _cBK |
||
| 999 |
_c41938 _d41938 |
||